C++ primer / (Record no. 102023)
[ view plain ]
| 000 -LEADER | |
|---|---|
| fixed length control field | 01112nam a22002777a 4500 |
| 005 - DATE AND TIME OF LATEST TRANSACTION | |
| control field | 20170719155239.0 |
| 010 ## - LCCN (DPL NO) | |
| LC control number | 1617EN ENG-117078 |
| 020 ## - INTERNATIONAL STANDARD BOOK NUMBER | |
| International Standard Book Number | 9788131710777 |
| Terms of availability | 679.00 |
| 035 ## - SYSTEM CONTROL NUMBER | |
| System control number | B-651720-731 |
| 035 ## - SYSTEM CONTROL NUMBER | |
| System control number | B-666212 |
| 035 ## - SYSTEM CONTROL NUMBER | |
| System control number | EN-100610 |
| 037 ## - SOURCE OF ACQUISITION | |
| Stock number | dpl |
| Source of stock number/acquisition | Pragati |
| 082 ## - DEWEY DECIMAL CLASSIFICATION NUMBER | |
| Classification number | 005.133 |
| 100 ## - MAIN ENTRY--PERSONAL NAME | |
| Personal name | Lippman, Stanley B. |
| 245 ## - TITLE STATEMENT | |
| Title | C++ primer / |
| Statement of responsibility, etc | by Stanley B.Lippman; Josee Lajoie [ and] Barbara E. Moo |
| 250 ## - EDITION STATEMENT | |
| Edition statement | 4th ed |
| 260 ## - PUBLICATION, DISTRIBUTION, ETC. (IMPRINT) | |
| Place of publication, distribution, etc | Noida |
| Name of publisher, distributor, etc | Pearson |
| Date of publication, distribution, etc | 2016 |
| 270 ## - ADDRESS | |
| Address | 7th Floor, Knowledge Boulevard, Sector 62 |
| City | Noida |
| Postal code | 201309 (U.P.) India |
| 300 ## - PHYSICAL DESCRIPTION | |
| Extent | xii,885p. |
| Dimensions | 25cm(pbk) |
| Other physical details | ill. |
| 500 ## - GENERAL NOTE | |
| General note | includs index |
| 700 ## - ADDED ENTRY--PERSONAL NAME | |
| Personal name | Lajoie, Josee |
| 700 ## - ADDED ENTRY--PERSONAL NAME | |
| Personal name | Moo, Barbara E. |
| 942 ## - ADDED ENTRY ELEMENTS (KOHA) | |
| Source of classification or shelving scheme | Dewey Decimal Classification |
| Item type | English Books |
| Classification part | 005.133 |
| Call number suffix | LIP |
| Withdrawn status | Lost status | Not for loan | Collection code | Home library | Current library | Date acquired | Source of acquisition | Cost, normal purchase price | Full call number | Barcode | Copy number | Cost, replacement price | Koha item type |
|---|---|---|---|---|---|---|---|---|---|---|---|---|---|
| Non-fiction | Ashok Vihar | Ashok Vihar | 19/07/2017 | BPPD/EN/2016-17/AV/2016-17/466/15.02.2017/567/28.02.2017/10.03.17 | 679.00 | 005.133 LIP | B-666212 | 1 | 679.00 | English Books | |||
| Non-fiction | Bawana | Bawana | 16/01/2017 | DBAD/PUB | 679.00 | 005.133 LIP | EN-100610 | 1 | 679.00 | English Books | |||
| Non-fiction | Bawana | Bawana | 09/02/2017 | BPPD/EN/2016-17/300/24.11.2016/IN339/02.12.2016/4.01.17 | 679.00 | 005.133 LIP | B-651727 | 1 | 679.00 | English Books | |||
| Non-fiction | Bawana | Bawana | 09/02/2017 | BPPD/EN/2016-17/300/24.11.2016/IN339/02.12.2016/4.01.17 | 679.00 | 005.133 LIP | B-651729 | 1 | 679.00 | English Books | |||
| Non-fiction | Central Library | Central Library | 09/02/2017 | BPPD/EN/2016-17/300/24.11.2016/IN339/02.12.2016/4.01.17 | 679.00 | 005.133 LIP | B-651720 | 1 | 679.00 | English Books | |||
| Non-fiction | Janak Puri | Janak Puri | 09/02/2017 | BPPD/EN/2016-17/300/24.11.2016/IN339/02.12.2016/4.01.17 | 679.00 | 005.133 LIP | B-651725 | 1 | 679.00 | English Books | |||
| Non-fiction | Kasturba Gandhi Marg | Kasturba Gandhi Marg | 09/02/2017 | BPPD/EN/2016-17/300/24.11.2016/IN339/02.12.2016/4.01.17 | 679.00 | 005.133 LIP | B-651723 | 1 | 679.00 | English Books | |||
| Non-fiction | Narela | Narela | 09/02/2017 | BPPD/EN/2016-17/300/24.11.2016/IN339/02.12.2016/4.01.17 | 679.00 | 005.133 LIP | B-651728 | 1 | 679.00 | English Books | |||
| Non-fiction | New Police Line | New Police Line | 09/02/2017 | BPPD/EN/2016-17/300/24.11.2016/IN339/02.12.2016/4.01.17 | 679.00 | 005.133 LIP | B-651721 | 1 | 679.00 | English Books | |||
| Non-fiction | Patel Nagar | Patel Nagar | 09/02/2017 | BPPD/EN/2016-17/300/24.11.2016/IN339/02.12.2016/4.01.17 | 679.00 | 005.133 LIP | B-651722 | 1 | 679.00 | English Books | |||
| Non-fiction | Sarojini Nagar | Sarojini Nagar | 09/02/2017 | BPPD/EN/2016-17/300/24.11.2016/IN339/02.12.2016/4.01.17 | 679.00 | 005.133 LIP | B-651726 | 1 | 679.00 | English Books | |||
| Non-fiction | Shahdara Branch | Shahdara Branch | 09/02/2017 | BPPD/EN/2016-17/300/24.11.2016/IN339/02.12.2016/4.01.17 | 679.00 | 005.133 LIP | B-651730 | 1 | 679.00 | English Books | |||
| Non-fiction | Tri Nagar | Tri Nagar | 09/02/2017 | BPPD/EN/2016-17/300/24.11.2016/IN339/02.12.2016/4.01.17 | 679.00 | 005.133 LIP | B-651724 | 1 | 679.00 | English Books | |||
| Non-fiction | Yojana Vihar | Yojana Vihar | 09/02/2017 | BPPD/EN/2016-17/300/24.11.2016/IN339/02.12.2016/4.01.17 | 679.00 | 005.133 LIP | B-651731 | 1 | 679.00 | English Books |
